| 000 | 00586nam a2200205Ii 4500 | ||
|---|---|---|---|
| 003 | JO-AjNU | ||
| 008 | 230606s9999||||xx |||||||||||||| ||und|| | ||
| 020 | _a0-07-882508-3 | ||
| 040 |
_aJO-AjNU _beng _erda _cJO-AjNU |
||
| 041 | _aeng | ||
| 050 | 1 | 4 | _aQA76.73.B3.C67.1998 |
| 100 | 3 |
_aCornell,Gary, _eauthor _91029 |
|
| 245 | 0 | 0 | _aVisual Basic 6 from the Ground Up |
| 264 | 3 | 1 | _aMCGRAW-HILL HIGHER EducaTION:London.2011 |
| 300 | _a932p | ||
| 336 |
_atext _btxt _2rdacontent |
||
| 337 |
_aunmediated _bn _2rdamedia |
||
| 338 |
_avolume _bnc _2rdacarrier |
||
| 650 | 4 |
_aVisual Basic _91030 |
|
| 999 |
_aE541 _c541 _d541 |
||